Missing word: Quentin Tarantino Movies Quiz Stats

Quiz Updated Jan 5, 2012

Challenge
Share
Tweet
Embed
Score 0/10 Timer 02:00
4 Plays Today
Movie Missing Word % Correct
____ FictionPulp
97.1%
Inglourious ____Basterds
96.3%
Kill ____Bill
96.2%
From ____ Till DawnDusk
94.2%
Natural Born ____Killers
81%
____ DogsReservoir
69.6%
____ BrownJackie
49.6%
____ RomanceTrue
47%
Death ____Proof
26.4%
Four ____Rooms
22.4%

Today's Daily Dose

Missing Word
1974 Movies A-Z

Word Ladder
The White Album

Quick Pick
Gods of War

On This Day
February 22nd II

You're not logged in!

Compare scores with friends on all Sporcle quizzes.
Sign Up with Email
OR
Log In

You Might Also Like...

Show Comments

Extras

Top Quizzes Today


Score Distribution

Your Account Isn't Verified!

In order to create a playlist on Sporcle, you need to verify the email address you used during registration. Go to your Sporcle Settings to finish the process.